Normal view
MARC view
- الدمج- الفصول الدراسية- المرحلة الثانويه
Entry Topical Term
001 - CONTROL NUMBER
- control field: 61263
003 - CONTROL NUMBER IDENTIFIER
- control field: JO-AjAnu
005 - DATE AND TIME OF LATEST TRANSACTION
- control field: 20230606084018.0
008 - FIXED-LENGTH DATA ELEMENTS
- fixed length control field: 230606|| aca||aabn | a|a d
040 ## - CATALOGING SOURCE
- Original cataloging agency: JO-AjAnu
- Transcribing agency: JO-AjAnu
150 ## - HEADING--TOPICAL TERM
- Topical term or geographic name entry element: الدمج- الفصول الدراسية- المرحلة الثانويه
670 ## - SOURCE DATA FOUND
- Source citation: Work cat.: (JO-AjAnu)31246: بريجز،سو , author 61262, تلبية الاحتياجات التعلمية الخاصة في الفصول الدراسية للمرحلة الثانوية الدمج وكيفية القيام به=Meeting Special Educational Needs in Secondary Classrooms inclusion and how to do it